000 01044nam0a22002651 4500
001 rc\3338211
005 20260408074910.0
021 _aRU
_bРг1693-70
021 _aRU
_b69-92113
035 _a(NLR Aleph) 007429310
090 _a6998488
_c6998488
100 _a20130115d1969 |||y0rusy50 ca
101 0 _arus
102 _aRU
105 _aa c |||||
200 1 _aТехнологические указания по сварке типовых узлов примыканий железобетонных элементов каркасных зданий
_fОрдена Ленина Главмосстрой при Мосгорисполкоме. Трест "Мосоргстрой"
210 _aМосква
_cБ. и.
_d1969
215 _a[2], 67 с.
_cчерт.
_d16х21
309 _aОтпеч. множит. аппаратом
712 0 2 _a"Мосоргстрой", трест
_9635637
_3RU\NLR\AUTH\8810066990
801 0 _aRU
_bNLR
_gpsbo
801 1 _aRU
_bELAR
_2rusmarc
852 _aNLR
_j69-4/32700
942 _cBOOK
980 _aNB